000 00484nam a2200193Ia 4500
001 31991
003 IN-NITTTR
005 20251114233426.0
008 251113s9999||||xx |||||||||||||| ||eng||
040 _beng
040 _cIN-NITTTR
041 _aeng
082 _a670.4275 Z1F
100 _aZhou, Zude
245 0 _aFundamentals of digital manufacturing science /
_cZhou, Zude, Xie, Shane, Chen, Dejun
700 _a Chen, Dejun
700 _a Xie, Shane
942 _2ddc
_cBK
999 _c34621
_d34621